| 000 | 00461nam a2200157 i 4500 | ||
|---|---|---|---|
| 001 | 27467 | ||
| 003 | ES-MaACL | ||
| 005 | 20230906153624.0 | ||
| 007 | t| | ||
| 008 | 030114s1967 sp ||||1| spa d | ||
| 100 | 1 |
_aAyala Martin, Emilio. _924130 |
|
| 245 | 1 | 0 |
_aHigiene y enfermedades del conejo / _cpor Emilio Ayala Martín. |
| 260 |
_aMadrid : _b[s.n., _c1967] ( _fGráf. Diana) |
||
| 300 |
_a2 v. : _bil. ; _c21 cm. |
||
| 852 |
_aES-MaACL _jC-50398-9 _bR.63891 |
||
| 999 |
_c27467 _d27467 |
||